Interiores modernos, decoración, amueblamiento / (Record no. 83275)

MARC details
000 -LEADER
campo de control de longitud fija 00583nam a2200181 i 4500
001 - NÚMERO DE CONTROL
campo de control 83275
003 - IDENTIFICADOR DE NÚMERO DE CONTROL
campo de control ES-MaACL
005 - FECHA Y HORA DE LA ÚLTIMA TRANSACCIÓN
campo de control 20230906174813.0
007 - CAMPO FIJO DE DESCRIPCIÓN FÍSICA--INFORMACIÓN GENERAL
campo de control de longitud fija t|
008 - DATOS DE LONGITUD FIJA--INFORMACIÓN GENERAL
campo de control de longitud fija 041116s1959 sp f |||| | spa d
245 00 - MENCIÓN DEL TÍTULO
Título Interiores modernos, decoración, amueblamiento /
Mención de responsabilidad, etc. Karl Eichhorn... [et al.].
260 ## - PUBLICACIÓN, DISTRIBUCIÓN, ETC.
Lugar de publicación, distribución, etc. Barcelona :
Nombre del editor, distribuidor, etc. Gustavo Gili,
Fecha de publicación, distribución, etc. [1959]
300 ## - DESCRIPCIÓN FÍSICA
Extensión 272 p. con 48 lám. en n. y col., 6 lám. en col. adher. ;
Dimensiones 33 cm.
650 04 - PUNTO DE ACCESO ADICIONAL DE MATERIA--TÉRMINO DE MATERIA
Término de materia o nombre geográfico como elemento de entrada Decoración interior.
9 (RLIN) 11542
650 04 - PUNTO DE ACCESO ADICIONAL DE MATERIA--TÉRMINO DE MATERIA
Término de materia o nombre geográfico como elemento de entrada Muebles-
Subdivisión de forma Modelos.
9 (RLIN) 15239
700 1# - ENTRADA AGREGADA--NOMBRE PERSONAL
Nombre de persona Eichhorn, Karl.
9 (RLIN) 46808
852 ## - LOCALIZACIÓN
Ubicación ES-MaACL
Número de control de estantería C-19418
Holdings
Estatus retirado Estado de pérdida Estado de daño No para préstamo Biblioteca de origen Biblioteca actual Ubicación en estantería Fecha de adquisición Fuente de adquisición Total de préstamos Signatura topográfica completa Código de barras Visto por última vez Precio de reemplazo Tipo de ítem Koha
        Biblioteca del Ateneo de Madrid Biblioteca del Ateneo de Madrid Galería 17/01/2008     C-19418 1087039 23/02/2023 23/02/2023 Libro impreso